The hipparcos input catalogue: vol 7:annexes 2-4 identification charts (Record no. 11658)

MARC details
000 -LEADER
fixed length control field 00562nam a2200169Ia 4500
003 - CONTROL NUMBER IDENTIFIER
control field IN-BaIIA
008 - FIXED-LENGTH DATA ELEMENTS--GENERAL INFORMATION
fixed length control field 211028s9999 xx 000 0 eng d
020 ## - INTERNATIONAL STANDARD BOOK NUMBER
International Standard Book Number 92-9092-120
040 ## - CATALOGING SOURCE
Transcribing agency IIA Library
080 ## - UNIVERSAL DECIMAL CLASSIFICATION NUMBER
Universal Decimal Classification number 083.8:524.3
Item number ESA-7
100 ## - MAIN ENTRY--PERSONAL NAME
Personal name Turon, C.
9 (RLIN) 20150
245 #4 - TITLE STATEMENT
Title The hipparcos input catalogue: vol 7:annexes 2-4 identification charts
Statement of responsibility, etc. C. Turon
260 ## - PUBLICATION, DISTRIBUTION, ETC.
Place of publication, distribution, etc. The Netherlands
Name of publisher, distributor, etc. European Space Agency
Date of publication, distribution, etc. 1992
300 ## - PHYSICAL DESCRIPTION
Extent [various pagings.]
650 ## - SUBJECT ADDED ENTRY--TOPICAL TERM
Topical term or geographic name entry element Astronomy: Hipparcos catalogue
9 (RLIN) 20151
942 ## - ADDED ENTRY ELEMENTS (KOHA)
Koha item type Books
Holdings
Withdrawn status Lost status Damaged status Not for loan Home library Current library Shelving location Date acquired Total Checkouts Full call number Barcode Date last seen Price effective from Koha item type
        IIA Library-Bangalore IIA Library-Bangalore General Stacks 09/02/1996   083.8:524.3/ ESA-7 12573 05/11/2021 09/02/1996 Books

Powered by Koha